| Tag |
First Indicator |
Second Indicator |
Subfields |
| LEADER |
00000cam a2200000 i 4500 |
| 001 |
in00000044881 |
| 005 |
20151007065120.0 |
| 008 |
800527q19601969cn b f00010 eng d |
| 035 |
|
|
|a (OCoLC)06360487
|
| 035 |
|
|
|9 AAE1313AM
|
| 040 |
|
|
|a TXA
|c TXA
|d UtOrBLW
|
| 049 |
|
|
|a TXAM
|c [1557206]
|
| 090 |
|
|
|a GV181.55
|b .T38
|
| 100 |
1 |
|
|a Taylor, Gordon D.
|
| 245 |
1 |
0 |
|a Techniques in the evaluation of recreational use /
|c by Gordon D. Taylor.
|
| 264 |
|
1 |
|a Ottawa :
|b Department of Indian Affairs and Northern Development, National and Historic Parks Branch, National Parks Service (Planning),
|c [between 1960 and 1969?]
|
| 300 |
|
|
|a 33 leaves ;
|c 25 cm.
|
| 336 |
|
|
|a text
|b txt
|2 rdacontent
|
| 337 |
|
|
|a unmediated
|b n
|2 rdamedia
|
| 338 |
|
|
|a volume
|b nc
|2 rdacarrier
|
| 500 |
|
|
|a Cover title.
|
| 504 |
|
|
|a Bibliography: pages 30-33.
|
| 650 |
|
0 |
|a Recreation.
|
| 650 |
|
0 |
|a Recreation
|x Research
|x Evaluation.
|
| 710 |
1 |
|
|a Canada.
|b National Parks Service.
|
| 710 |
1 |
|
|a Canada.
|b National and Historical Parks Branch.
|
| 999 |
|
|
|a MARS
|
| 999 |
f |
f |
|s e3e4664b-9651-3ce0-bf08-f1d0d0f825d5
|i c8c7e145-0c52-3320-8b90-33e891bd5aba
|t 0
|
| 952 |
f |
f |
|p ric
|a Texas A&M University
|b Rellis Campus
|c Joint Library Facility
|d Remote Storage
|t 0
|e GV181.55 .T38
|h Library of Congress classification
|i unmediated -- volume
|m A14802452624
|
| 998 |
f |
f |
|a GV181.55 .T38
|t 0
|l Remote Storage
|